000 00359nam a22001337a 4500
020 _a9788121923149
040 _cNUST
082 _a670.00151535 RAJ
100 _aRajasekaran, S.
_940510
245 _aFinite Element Analysis:
_bIn Engineering Design
260 _aNew Delhi:
_bS.Chand,
_c2015.
650 _aFinite Element Analysis
_991818
942 _2ddc
_cBK
999 _c589953
_d589953